Histoire culturelle de la France : De la Belle Epoque à nos jours (notice n° 2083736)

détails MARC
000 -LEADER
fixed length control field 01446cam a2200145 4500500
005 - DATE AND TIME OF LATEST TRANSACTION
control field 20260405005433.0
041 ## - LANGUAGE CODE
Language code of text/sound track or separate title fre
042 ## - AUTHENTICATION CODE
Authentication code dc
100 10 - MAIN ENTRY--PERSONAL NAME
Personal name Goestchel, Pascale
Relator term author
245 00 - TITLE STATEMENT
Title Histoire culturelle de la France : De la Belle Epoque à nos jours
260 ## - PUBLICATION, DISTRIBUTION, ETC.
Name of publisher, distributor, etc. Armand Colin,<br/>
Date of publication, distribution, etc. 2025.<br/>
520 ## - SUMMARY, ETC.
Summary, etc. Le lecteur d’une "Histoire culturelle de la France de la Belle Époque à nos jours" y découvrira les grands traits de l’évolution des idées, de la littérature et des arts. Il y trouvera aussi une mise en perspective des pratiques culturelles contemporaines : lecture, cinéma ou chanson dits populaires ; moments ludiques et spectacles sportifs ; productions audiovisuelles ; mode et loisirs. Il verra s’y décliner des appropriations multiples. Parallèlement, le livre propose un tour d’horizon des grands champs disciplinaires, à la hiérarchie mouvante, évoque les réseaux qui unissent les représentants du monde intellectuel, met l’accent sur les circulations des idées. Enfin, le XXe voit se mettre en place une politique de la culture, précoce et cohérente, qui apparaît spécifique à la France. Ainsi, cet ouvrage apparaît comme un précieux outil pour le lecteur en quête de repères touchant à la culture contemporaine.
700 10 - ADDED ENTRY--PERSONAL NAME
Personal name Loyer, Emmanuelle
Relator term author
856 41 - ELECTRONIC LOCATION AND ACCESS
Uniform Resource Identifier <a href="https://shs.cairn.info/histoire-culturelle-de-la-france--9782200641757?lang=fr&redirect-ssocas=7080">https://shs.cairn.info/histoire-culturelle-de-la-france--9782200641757?lang=fr&redirect-ssocas=7080</a>

Pas d'exemplaire disponible.

PLUDOC

PLUDOC est la plateforme unique et centralisée de gestion des bibliothèques physiques et numériques de Guinée administré par le CEDUST. Elle est la plus grande base de données de ressources documentaires pour les Étudiants, Enseignants chercheurs et Chercheurs de Guinée.

Adresse

627 919 101/664 919 101

25 boulevard du commerce
Kaloum, Conakry, Guinée

Réseaux sociaux

Powered by Netsen Group @ 2025